| 000 | 00934nam a2200265 a 4500 | ||
|---|---|---|---|
| 005 | 20170424094014.0 | ||
| 008 | 160301t1997 -usa fr|||| 001 0 e d | ||
| 020 | _a0915279517 | ||
| 040 |
_aCO-BoIAVH _cCO-BoIAVH |
||
| 041 | 0 | _aeng | |
| 044 | _axxu | ||
| 082 | 0 | 4 |
_a584.4 _bL94s15 |
| 100 | 1 | _aLuer, Carlyle A. | |
| 245 | 1 | 0 |
_aSystematics of Trichosalpinx : _bAddenda to Dracula, Masdevallia, Myoxanthus and Scaphosepalum, corrigenda to Lepanthes of Ecuador |
| 260 |
_aSarasota : _bMissouri Botanical Garden, _cc1997. |
||
| 300 |
_a136 páginas : _bIlustraciones ; _c26 x 18 cm. |
||
| 490 | 0 |
_aIcones pleurothallidinarum ; _v15 |
|
| 500 | _aIncluye índice: páginas 119-121. | ||
| 650 | 1 | 6 | _aOrchidaceae |
| 650 | 2 | 6 | _aOrquídeas Claves taxonómicas |
| 650 | 1 | 6 |
_aOrquídeas _xDescripciones taxonómicas |
| 662 | _aEcuador | ||
| 710 | 2 | _aMissouri Botanical Garden | |
| 942 |
_cLIBRO _2ddc |
||
| 999 |
_c5400 _d5400 |
||